1467 1782 1334 1109 1929 1815 1890 1382 1938 1765 1971 1818 1431 1939 1744 1721 1158 1671 1281 1173 1518 1101 1943 1779 1065 1630 1204 1425 1836 1763 1619 1789 1987 1270 1238 1478 1431 1163 1063 1253 1485 1165 1331 1324 1954 1746 1571 1350 1993 1826 1064 1988 1883 1870 1093 1075 1006 1267 1831 1505 1678 1357 1784 1806 1328 1008 1934 1889 1148 1763 1881 1820 1078 1225 1679 1694 1981 1605 1758 1542 1041 1478 1547 1792 1123 1936 1392 1892 1843 1379 1848 1878 1122 1594 1894 1966 1685 1910 1809 BCNSPRNW ULIB Ver.6.0+V

เปลี่ยนเป็นภาษาไทย

Change to English
 แสดงรายละเอียดบรรณานุกรม
  กลับหน้าหลัก

Brief Record : Get Marc (ISO 2709) : E-mail record : QR code < ปิดหน้าต่าง
LEADER : 00000nam 2200000uu 4500
001    13399109069
003     ULIB
008    110321s2553||||th 000 0 tha d
020    9749441982
020    9789749441985
050  4 H97^bม189น 2553
100 0  มยุรี อนุมานราชธน
245 10 นโยบายสาธารณะ /^cมยุรี อนุมานราชธน
250    พิมพ์ครั้งที่ 3
260    กรุงเทพฯ :^bเอ็กซเปอร์เน็ท,^c2553
300    [ก]-ฎ, 323 หน้า :^bภาพประกอบ ;^c26 ซม.
650  7 การบริหารรัฐกิจ
650  7 นโยบายสาธารณะ
710 2  มหาวิทยาลัยเชียงใหม่. ^bคณะสังคมศาสตร์. ^bภาควิชารัฐศาสตร์
945    ^p300^l0^i029854
945    ^p300^l0^i029853
995    เกษร
999 ^a ใช้งานได้ทุกระบบ
รายการนี้ยังไม่มีแท็ก
คุณยังไม่ได้ล็อกอิน คุณสามารถมีกิจกรรมร่วมกับเว็บไซต์ได้ แต่ต้องล็อกอินก่อน ::
  ล็อกอิน

รายการสื่อสารสนเทศ

ลำดับที่ ประเภท เลขเรียก/บาร์โค้ด สถานที่ สถานะ
- ไม่พบข้อมูล -

รายการใกล้เคียง
    ผู้แต่ง [มยุรี อนุมานราชธน]

    หัวเรื่อง [การบริหารรัฐกิจ]
    หัวเรื่อง [นโยบายสาธารณะ]

BibComment


ยังไม่เคยถูกคอมเมนท์

คอมเมนท์ทรัพยากรรายการนี้
  คอมเมนท์: นโยบายสาธารณะ มย..


 Copyright 2026. Bcnsprnw @Library